00262nam a2200097Ia 4500008004100000100001800041245005900059260003000118300000800148650000800156191201s2009 xx 000 0 und d aCHANDAN, J.S. 0aIndian System of Business and Banking BBA DDA201 SEM-2 aN. DelhibVikas Pubc2009 a308 aMBA